000
00313nam a2200133Ia 4500
008
190723s9999 xx 000 0 und d
020
_a
978-93-85999-74-1
100
_a
D.M Vasudevan
245
0
_a
Textbook of Biochemistry
250
_a
8th
260
_a
New Delhi
_b
Jaypee
_c
2016
300
_a
718.:p
942
_c
BK
999
_c
1766
_d
1766